| 000 | 00745nam a22002412 4500 | ||
|---|---|---|---|
| 001 | 6815 | ||
| 003 | UkOxU | ||
| 005 | 20211208234323.0 | ||
| 008 | 120114s1953 nyua 000 0 eng c | ||
| 035 | _aOCLC ocm01356826 from D971018M | ||
| 040 |
_aDLC/ICU _cCGU _dUKM _dEQO _beng |
||
| 041 | _aeng | ||
| 082 | 0 |
_223 _a515.35 _bRED 1963 |
|
| 100 | 1 |
_aReddick, Harry W. _q(Harry Wilfred), _d1883- _919162 |
|
| 245 | 0 | 0 |
_aDifferential equations / _c[by] Harry W. Reddick [and] Donald E. Kibbey. |
| 250 | _a2nd ed. | ||
| 260 |
_aNew York : _bWiley, _c1953 |
||
| 300 |
_a288 p : _bill.; _c22 cm. |
||
| 650 | 0 |
_aDifferential equations. _921410 |
|
| 700 | 1 |
_aKibbey, Donald E. _q(Donald Eugene), _d1912- _921411 |
|
| 942 |
_2ddc _cBK |
||
| 999 |
_c6815 _d6815 |
||